00288nam a2200109Ia 4500008004100000082000800041082000800049245009400057245000900151260000900160300000900169231017s9999 xx 000 0 und d a624 bCRS 0a"Publications, Software and Technical Resources for Design and Construction Professional" 0cCRSI bCRSI c30cm